| 000 | 00784nam a2200265Ia 4500 | ||
|---|---|---|---|
| 003 | OSt | ||
| 005 | 20221006142412.0 | ||
| 006 | a|||||r|||| 00| 0 | ||
| 007 | ta | ||
| 008 | 221006b |||||||| |||| 00| 0 eng d | ||
| 020 |
_a0942668081 _c231.00 |
||
| 024 | _a6,296 | ||
| 037 | _cTextual | ||
| 040 |
_aEASL _cEASL _beng |
||
| 041 |
_2eng _aeng |
||
| 082 | _aO42,1xN39, IIIM7 | ||
| 100 |
_aMAKOTO Ooka Ed. _9647649 |
||
| 245 | 0 |
_aPlay of mirrors _b Eight major poets of modern Japan |
|
| 260 |
_aRochester _bKatydid Books/Oakland University _c1987 |
||
| 300 |
_a308p. _ccm. |
||
| 490 | _v JEL | ||
| 700 |
_a FITZSIMMONS Thomas Ed. _9647650 |
||
| 942 |
_hO42,1xN39, IIIM7 _cTEXL _2CC |
||
| 999 |
_c1074382 _d1074382 |
||